00348nam a2200133Ia 4500008004100000020001400041041001200055082001700067100001800084245004900102260003900151300000800190650001600198221030s9999 xx 000 0 und d a007855544 aEnglish a105.23bPeat aJ. B. Peatman 0aMicrocomputer Based Designcby J. B. Peatman bMcGraw Hill Pub.aNew Delhic1988 a590 aBE Computer